Письмо Еликониды Михайловны Железко Е.Г. Кривошеиной

Доступно только в Электронных читальных залах Найти на картеНа карте
RUSMARC
00003645nmc2a22002533x 450
0014a286b05-2700-4a24-b418-4aa23686ce41
00520251226110722.0
100##$a20250620l19131913k l0rusy0189 ca
1010#$arus
102##$aRU
105##$ay###
1220#$ad
2001#$aПисьмо Еликониды Михайловны Железко Е.Г. Кривошеиной
$j11 мая 1913 г.
215##$a3 л.
$d31,5х22,5 см
251##$cДело
300##$aПисьма разных лиц к Е.Г. Кривошеиной
300##$aНа обложке указано: "Е.Г. Кривошеина (урожденная Карпова)"
371##$aДокумент не является опубликованным и широко распространяемым
461#0$10014a7d475a-da6a-4fe5-ac12-54e1d873a03e
$12001
$aКривошеин Александр Васильевич
$1251
$cФонд
$1852
$j1571
462#0$10019af0f408-9074-482a-a22c-3a631489d173
$12001
$aЛичные документы Е.Г. Kривошеиной и ее сыновей; письма ей членов семьи и других лиц
$1251
$cОпись
$1852
$j2
801#0$aRU
$bРГИА
$c20250620
$gRCR
801#1$aRU
$bГлавНИВЦ
$c20250620
$2rusmarc
801#2$aRU
$bПБ им. Б.Н. Ельцина
$c20251226
$gRCR
$2rusmarc
850##$aРГИА
852##$aРГИА
$eФедеральное казенное учреждение "Российский государственный исторический архив" (РГИА)
$j43
937##$hРГИА
$d12422501
$aASBIBLIO_SCAN
035##$aRusGRCC00088149
856##$uhttp://readingroom.main.prlib.ru/item.aspx?id_node=n199878648&mode=full
Формат отображения